| 000 | 01452cam a2200373 i 4500 | ||
|---|---|---|---|
| 001 | 57665 | ||
| 003 | Mx-PuUPA | ||
| 005 | 20250422121420.0 | ||
| 008 | 140415s2016 sp gr 000 0 spa d | ||
| 017 | _aM-41862-2016 | ||
| 020 | _a9788490551615 | ||
| 040 |
_aMx-PuUPA _bspa _cMx-PuUPA _dMx-PuUPA _erda |
||
| 041 | 1 |
_aspa _hfre |
|
| 100 | 1 |
_aBrague, Rémi, _d1947- _eautor _916967 |
|
| 240 | 1 | 3 |
_aLe règne de I´homme. Genèse et échec du projet moderne. _lEspañol |
| 245 | 1 | 3 |
_aEl reino del hombre : _bgénesis y fracaso del proyecto moderno / _cRémi Brague ; traducción de José Antonio Millán Alba |
| 264 | 1 |
_aMadrid : _bEdiciones Encuentro, _c2016 |
|
| 300 |
_a399 páginas ; _c23 cm |
||
| 336 |
_2rdacontent _atexto _btxt |
||
| 337 |
_2rdamedia _asin medio _bn |
||
| 338 |
_2rdacarrier _avolumen _bnc |
||
| 490 | 0 |
_aColección Nuevo Ensayo ; _v14 |
|
| 650 | 7 |
_2armarc _aAntropología filosófica |
|
| 650 | 7 |
_2armarc _aHumanismo (Filosofía) |
|
| 650 | 7 |
_2armarc _aFilosofía moderna |
|
| 650 | 7 |
_2armarc _aIglesia Católica _xDoctrinas |
|
| 700 | 1 |
_aMillán Alba, José Antonio, _etraductor |
|
| 765 | 0 |
_aBrague, Rémi, 1947- _dParís : Editions Gallimard, 2015 _tLe règne de I´homme. Genèse et échec du projet moderne. |
|
| 942 |
_2ddc _cLI _h128 _iB7418 |
||
| 999 |
_c57665 _d57665 |
||